<?xml version="1.0" encoding="UTF-8"?>
<record
    xmlns:xsi="http://www.w3.org/2001/XMLSchema-instance"
    xsi:schemaLocation="http://www.loc.gov/MARC21/slim http://www.loc.gov/standards/marcxml/schema/MARC21slim.xsd"
    xmlns="http://www.loc.gov/MARC21/slim">

  <leader>00543nam a2200157Ia 4500</leader>
  <controlfield tag="008">190805s9999||||xx |||||||||||||| ||und||</controlfield>
  <datafield tag="020" ind1=" " ind2=" ">
    <subfield code="a">9788187966852</subfield>
    <subfield code="c">Rs. 880.00</subfield>
  </datafield>
  <datafield tag="082" ind1="0" ind2="4">
    <subfield code="a">577.7</subfield>
    <subfield code="b">P174</subfield>
  </datafield>
  <datafield tag="100" ind1="1" ind2=" ">
    <subfield code="a">Paleri, Prabhakaran</subfield>
  </datafield>
  <datafield tag="245" ind1="1" ind2="0">
    <subfield code="a">Marine Environment : management and people's participation / </subfield>
  </datafield>
  <datafield tag="260" ind1=" " ind2=" ">
    <subfield code="a">New Delhi : </subfield>
    <subfield code="b">KW Publishers Pvt. Ltd.,</subfield>
    <subfield code="c">2009</subfield>
  </datafield>
  <datafield tag="300" ind1=" " ind2=" ">
    <subfield code="a">xiii, 336 p.</subfield>
    <subfield code="b"> : ill., map</subfield>
    <subfield code="c">; 25 cm. </subfield>
  </datafield>
  <datafield tag="650" ind1=" " ind2="0">
    <subfield code="a">Marine ecosystem management</subfield>
    <subfield code="x">Citizen participation</subfield>
  </datafield>
  <datafield tag="852" ind1=" " ind2=" ">
    <subfield code="a">IMU Kochi Library</subfield>
  </datafield>
  <datafield tag="942" ind1=" " ind2=" ">
    <subfield code="c">BK</subfield>
  </datafield>
  <datafield tag="999" ind1=" " ind2=" ">
    <subfield code="c">337</subfield>
    <subfield code="d">337</subfield>
  </datafield>
  <datafield tag="952" ind1=" " ind2=" ">
    <subfield code="0">0</subfield>
    <subfield code="1">0</subfield>
    <subfield code="4">0</subfield>
    <subfield code="6">577_700000000000000_P174</subfield>
    <subfield code="7">0</subfield>
    <subfield code="8">ENVS</subfield>
    <subfield code="9">2631</subfield>
    <subfield code="a">KO</subfield>
    <subfield code="b">KO</subfield>
    <subfield code="c">GEN</subfield>
    <subfield code="d">2018-02-09</subfield>
    <subfield code="e">Educational Supplies</subfield>
    <subfield code="g">880.00</subfield>
    <subfield code="o">577.7 P174</subfield>
    <subfield code="p">BK005159</subfield>
    <subfield code="r">2019-08-05</subfield>
    <subfield code="y">BK</subfield>
    <subfield code="z">Gen. Shelf-10, Row-6</subfield>
  </datafield>
  <datafield tag="952" ind1=" " ind2=" ">
    <subfield code="0">0</subfield>
    <subfield code="1">0</subfield>
    <subfield code="2">ddc</subfield>
    <subfield code="4">0</subfield>
    <subfield code="6">577_700000000000000_P174</subfield>
    <subfield code="7">0</subfield>
    <subfield code="8">ENVS</subfield>
    <subfield code="9">3633</subfield>
    <subfield code="a">KO</subfield>
    <subfield code="b">KO</subfield>
    <subfield code="c">GEN</subfield>
    <subfield code="d">2012-11-15</subfield>
    <subfield code="e">M/s Unique Book Store ( Inv. No. 2012/321 dt. 2012-11-12)</subfield>
    <subfield code="g">880.00</subfield>
    <subfield code="o">577.7 P174</subfield>
    <subfield code="p">BK002184</subfield>
    <subfield code="r">2019-09-24</subfield>
    <subfield code="y">BK</subfield>
    <subfield code="z">Gen. Shelf-10, Row-6</subfield>
  </datafield>
  <datafield tag="952" ind1=" " ind2=" ">
    <subfield code="0">0</subfield>
    <subfield code="1">0</subfield>
    <subfield code="2">ddc</subfield>
    <subfield code="4">0</subfield>
    <subfield code="6">577_700000000000000_P174</subfield>
    <subfield code="7">0</subfield>
    <subfield code="8">ENVS</subfield>
    <subfield code="9">3634</subfield>
    <subfield code="a">KO</subfield>
    <subfield code="b">KO</subfield>
    <subfield code="c">GEN</subfield>
    <subfield code="d">2016-02-25</subfield>
    <subfield code="e">M/s Nalanda Books ( Inv. No. 2016/00403 dt. 2016-02-24)</subfield>
    <subfield code="g">880.00</subfield>
    <subfield code="o">577.7 P174</subfield>
    <subfield code="p">BK002850</subfield>
    <subfield code="r">2019-09-24</subfield>
    <subfield code="y">BK</subfield>
    <subfield code="z">Gen. Shelf-10, Row-6</subfield>
  </datafield>
</record>
